Żużlowcy z For Nature Solutions Ks Apator Toruń - Statystyki

Ogólne statystyki
  • Ten quiz został rozwiązany 68 razy
  • Średni wynik to 6 z 7
Statystyki odpowiedzi
Kraj Odpowiedź % Poprawnych
Wielka Brytania Robert Lambert
96%
Polska Patryk Dudek
94%
Polska Wiktor Lampart
91%
Polska Krzysztof Lewandowski
89%
Polska Paweł Przedpełski
89%
Polska Mateusz Affelt
87%
Rosja Emil Sajfutdinow
83%
Nie znaleziono quizów pasujących do podanych kryteriów
Rozkład punktacji
Procent ludzi z każdym wynikiem
Percentyl według liczby udzielonych odpowiedzi
Twoja historia wyników
Nie rozwiązałeś tego quizu